Online Catalogue and eLibrary

Kadavularum manitharum (Record no. 4381)

MARC details
000 -LEADER
fixed length control field 00412nam a2200169Ia 4500
005 - DATE AND TIME OF LATEST TRANSACTION
control field 20250508050356.0
008 - FIXED-LENGTH DATA ELEMENTS--GENERAL INFORMATION
fixed length control field 240331s9999 xx 000 0 und d
020 ## - INTERNATIONAL STANDARD BOOK NUMBER
ISBN 9559261002
082 ## - DDC Classification
Item Number - Author Mark BAW
Class No. 891
100 ## - MAIN ENTRY--PERSONAL NAME
Personal name Bawani,
245 #0 - TITLE STATEMENT
Title Kadavularum manitharum
250 ## - EDITION STATEMENT
Edition statement 2nd
260 ## - PUBLICATION, DISTRIBUTION, ETC.
Place of publication, distribution, etc. Colombo
Name of publisher, distributor, etc. Women's Education and Research Centre
Date of publication, distribution, etc. 1994
300 ## - PHYSICAL DESCRIPTION
Extent (e.g. Volumes, Pages etc.) 149 p .,
650 ## - SUBJECT ADDED ENTRY--TOPICAL TERM
Topical term or geographic name entry element Short Stories
942 ## - Koha item type (Biblio)
Koha item type Books in Stacks (Lending)
Holdings
Lost status Damaged status Collection code Home library Current library Shelving location Date acquired Full call number Accession Number Item type
    Lending WERC Library WERC Library Social Science Cupboard 03/31/2024 894.811 BAW 4399 Books in Stacks (Lending)

© WERC Library